[Event "61st World Juniors 2024"]
[Site "Gandhinagar IND"]
[Date "2024.06.13"]
[Round "11.30"]
[White "Bizhigitov, Zhangir"]
[Black "Jai Sankar Subramanian"]
[Result "1/2-1/2"]
[WhiteTitle "FM"]
[WhiteElo "2212"]
[BlackElo "1986"]
[WhiteFideId "13725599"]
[BlackFideId "25931970"]
[EventDate "2024.06.02"]

1. e4 e6 2. d4 d5 3. e5 c5 4. c3 Nc6 5. Nf3 Qb6 6. a3 Nh6 7. b4 cxd4 8. cxd4 Nf5
9. Bb2 Bd7 10. g4 Nfe7 11. Nc3 Na5 12. Nd2 Ng6 13. h4 Be7 14. g5 Rc8 15. Rc1 h6
16. gxh6 Rxh6 17. h5 Bg5 18. Rc2 Bxd2+ 19. Rxd2 Nc4 20. Bxc4 Rxc4 21. Ne2 Ne7
22. Ng3 a5 23. bxa5 Qxa5 24. O-O Nf5 25. Rd3 Ba4 26. Qg4 Bc2 27. Rf3 Qd8 28. Qf4
Be4 29. Rb3 Qe7 30. Qg4 Nxg3 31. Rxg3 g6 32. f3 Bf5 33. Qg5 Rxh5 34. Qxe7+ Kxe7
35. Rf2 Rh8 36. Rd2 b5 37. Rgg2 Rh3 38. Kf2 Rh1 39. Rg1 Rxg1 40. Kxg1 Kd7 41.
Rd1 Rc2 42. Bc1 Ra2 43. Kf1 Kc6 44. Ke1 Kb6 45. Rd2 Ra1 46. Kd1 Ka5 47. Rb2 Rxa3
48. Rxb5+ Kxb5 49. Bxa3 Kc4 50. Bc5 Kd3 51. f4 Ke3 52. Ke1 Kxf4 53. Kf2 g5 54.
Bb6 g4 55. Bc5 Be4 56. Bd6 g3+ 57. Kg1 Bf3 58. Be7 Ke3 59. Bc5 Ke4 60. Bb6 g2
61. Bc5 Kf5 62. Be7 Kg6 63. Bd6 f5 64. exf6 Kxf6 65. Be5+ Kf5 66. Bg7 Ke4 67.
Be5 1/2-1/2

[Event "61st World Juniors 2024"]
[Site "Gandhinagar IND"]
[Date "2024.06.13"]
[Round "11.31"]
[White "Sriansh Das"]
[Black "Vrashank, Chouhan"]
[Result "1/2-1/2"]
[BlackTitle "FM"]
[WhiteElo "2016"]
[BlackElo "2209"]
[WhiteFideId "45030081"]
[BlackFideId "25944240"]
[EventDate "2024.06.02"]

1. e4 e5 2. Nf3 Nf6 3. Nxe5 d6 4. Nf3 Nxe4 5. d4 d5 6. Bd3 Be6 7. O-O f5 8. Re1
Be7 9. Ne5 Nd7 10. Nxd7 Qxd7 11. f3 Nd6 12. Qe2 Kf7 13. Bf4 Rae8 14. Nd2 Bf6 15.
Be5 Bxe5 16. dxe5 Nc4 17. Bxc4 dxc4 18. Qe3 Rd8 19. Nf1 Qd4 20. Qxd4 Rxd4 21.
Rad1 Rhd8 22. Rxd4 Rxd4 23. Kf2 c3 24. b3 f4 25. h4 h6 26. h5 Bf5 27. g3 Bxc2
28. gxf4 Rxf4 29. Rc1 Bh7 30. Rxc3 c6 31. Ng3 Ke6 32. Ke3 Rh4 33. f4 Rh2 34. a3
a5 35. Kd4 Rf2 36. Ke3 Rb2 37. Ne4 Bxe4 38. Kxe4 Re2+ 39. Kd4 Kf5 40. Rf3 Rd2+
41. Kc5 Kg4 42. Rf1 Kf5 1/2-1/2

[Event "61st World Juniors 2024"]
[Site "Gandhinagar IND"]
[Date "2024.06.13"]
[Round "11.32"]
[White "Mrithyunjay Mahadevan"]
[Black "Mukund Hemant Agarwal"]
[Result "1-0"]
[WhiteTitle "CM"]
[WhiteElo "1867"]
[BlackElo "2196"]
[WhiteFideId "45003521"]
[BlackFideId "25679791"]
[EventDate "2024.06.02"]

1. e4 c5 2. Nf3 d6 3. d4 cxd4 4. Nxd4 Nf6 5. f3 Nc6 6. c4 e6 7. Nc3 Be7 8. Be3
O-O 9. Be2 d5 10. cxd5 exd5 11. Nxc6 bxc6 12. exd5 Nxd5 13. Nxd5 cxd5 14. O-O
Be6 15. Qd2 Qd7 16. Rfd1 Rfd8 17. Bd4 Rab8 18. Rac1 Rdc8 19. a3 Bd6 20. Ba6 Rc6
21. Bf1 Rc7 22. b4 f6 23. g3 Qa4 24. Re1 Rxc1 25. Qxc1 Rc8 26. Qd1 Qxd1 27. Rxd1
Rc7 28. f4 Bg4 29. Rd2 Bf3 30. Bg2 Be4 31. Bb2 Be7 32. Bf1 Kf7 33. Kf2 Ke6 34.
g4 Bd6 35. f5+ Ke7 36. Bg2 Bxh2 37. Bxe4 dxe4 38. Ke3 Bd6 39. Kxe4 Rc4+ 40. Bd4
Be5 41. Kd5 Rxd4+ 42. Rxd4 Bxd4 43. Kxd4 Kd6 44. a4 g6 45. g5 fxg5 46. f6 h5 47.
b5 g4 48. Ke3 h4 49. a5 g3 50. Kf3 Ke6 51. b6 axb6 52. axb6 Kxf6 1-0

[Event "61st World Juniors 2024"]
[Site "Gandhinagar IND"]
[Date "2024.06.13"]
[Round "11.33"]
[White "Kuandykuly, Danis"]
[Black "Md Imran"]
[Result "1/2-1/2"]
[BlackTitle "FM"]
[WhiteElo "1989"]
[BlackElo "2180"]
[WhiteFideId "13752260"]
[BlackFideId "25748580"]
[EventDate "2024.06.02"]

1. e4 e6 2. d4 d5 3. Nd2 c5 4. exd5 Qxd5 5. Ngf3 cxd4 6. Bc4 Qd7 7. O-O Nf6 8.
Nb3 Nc6 9. Nbxd4 a6 10. Bg5 b5 11. Bb3 Nxd4 12. Nxd4 Bc5 13. Bxf6 gxf6 14. c3
Bxd4 15. cxd4 Bb7 16. Rc1 Rg8 17. g3 Rg5 18. f4 Rd5 19. f5 Rxf5 20. Rxf5 exf5
21. Qd2 Be4 22. d5 Rd8 23. Qe3 Rc8 24. Rc5 Kd8 25. Qc3 Rxc5 26. Qxc5 Ke8 27. Kf2
f4 28. gxf4 Qh3 29. Ke1 Bf5 30. Qf2 a5 31. Qg3 Qxg3+ 32. hxg3 Kd7 33. Kd2 Kd6
34. Kc3 Be4 35. Kd4 f5 36. a3 f6 37. Bd1 1/2-1/2

[Event "61st World Juniors 2024"]
[Site "Gandhinagar IND"]
[Date "2024.06.13"]
[Round "11.34"]
[White "Mnyasta, Charlton"]
[Black "Rohith S"]
[Result "0-1"]
[WhiteElo "2174"]
[BlackElo "1866"]
[WhiteFideId "14343371"]
[BlackFideId "45075360"]
[EventDate "2024.06.02"]

1. e4 c5 2. Nf3 d6 3. d4 cxd4 4. Nxd4 Nf6 5. Nc3 a6 6. h3 e5 7. Nf3 Be7 8. Be3
Qc7 9. g4 h6 10. Bg2 b5 11. O-O Bb7 12. g5 hxg5 13. Nxg5 Nbd7 14. a4 b4 15. Ne2
Nb6 16. b3 a5 17. c3 d5 18. Rc1 Qd8 19. Qd3 Ba6 20. Qc2 bxc3 21. exd5 Nfxd5 22.
Bxb6 Nxb6 23. Bc6+ Nd7 24. Rfd1 Ra7 25. Nf3 O-O 26. Nxe5 Nxe5 27. Rxd8 Rxd8 28.
Bb5 Nf3+ 29. Kf1 Bc8 30. Ng1 Nd2+ 31. Kg2 Bf6 32. Re1 g6 33. Re8+ Rxe8 34. Bxe8
Bf5 35. Qd1 Re7 36. Bb5 Bg5 37. h4 Bh6 38. Ne2 c2 39. Qc1 Rxe2 40. Bxe2 Nxb3 41.
Qb2 c1=Q 42. Qxb3 Qf4 43. Qb5 Qxh4 44. Qe8+ Kg7 45. Qe5+ Kh7 0-1

[Event "61st World Juniors 2024"]
[Site "Gandhinagar IND"]
[Date "2024.06.13"]
[Round "11.35"]
[White "Guru Prakash"]
[Black "Jares, Michal"]
[Result "1/2-1/2"]
[BlackTitle "FM"]
[WhiteElo "1817"]
[BlackElo "2382"]
[WhiteFideId "25138316"]
[BlackFideId "386839"]
[EventDate "2024.06.02"]

1. e4 c6 2. Nc3 d5 3. Nf3 Bg4 4. Be2 e6 5. O-O Nf6 6. h3 Bxf3 7. Bxf3 dxe4 8.
Nxe4 Nxe4 9. Bxe4 Nd7 10. d4 Nf6 11. Bf3 Be7 12. c4 O-O 13. Be3 Qc7 14. Rc1 Rfd8
15. Qb3 Qd7 16. Rfd1 Rac8 17. Qa4 b5 18. Qa6 bxc4 19. Rxc4 Nd5 20. Rdc1 Nxe3 21.
fxe3 Bg5 22. R4c3 Rc7 23. Qa5 h6 24. Kf2 Rdc8 25. b4 Qd6 26. g3 Bf6 27. a3 e5
28. Qc5 Qxc5 29. Rxc5 exd4 30. Rxc6 dxe3+ 31. Ke2 Rxc6 32. Rxc6 Re8 33. Rc7 Bd4
34. Bd5 Rf8 35. Rd7 Bb6 36. a4 Rc8 37. Bxf7+ Kf8 38. Bb3 Rc3 39. Rd3 Rxd3 40.
Kxd3 Bc7 1/2-1/2

[Event "61st World Juniors 2024"]
[Site "Gandhinagar IND"]
[Date "2024.06.13"]
[Round "11.37"]
[White "Kalyani Sirin"]
[Black "Shah, Jeet"]
[Result "1/2-1/2"]
[WhiteTitle "WFM"]
[WhiteElo "2163"]
[BlackElo "1946"]
[WhiteFideId "33323500"]
[BlackFideId "45012954"]
[EventDate "2024.06.02"]

1. e4 e5 2. Nf3 Nc6 3. Bc4 Nf6 4. d3 h6 5. c3 d6 6. a4 g5 7. Qb3 Qd7 8. a5 a6 9.
Nbd2 Bg7 10. Nf1 O-O 11. Ne3 Ne7 12. O-O c6 13. Qc2 Nh5 14. d4 Ng6 15. Nf5 d5
16. Bd3 Nhf4 17. Bxf4 Nxf4 18. Nxe5 Bxe5 19. dxe5 Qe6 20. exd5 cxd5 21. Nd4 Qxe5
22. Rfe1 Qf6 23. Bf5 Ne6 24. Bxe6 fxe6 25. Nf3 Bd7 26. Ne5 Rad8 27. Rad1 Kg7 28.
Rd4 h5 29. h3 Qh6 30. c4 Bc6 31. cxd5 Bxd5 32. Rd3 Rc8 33. Qa4 Qf6 34. Qd7+ Kh6
35. Rxd5 Qxf2+ 36. Kh2 exd5 37. Nf3 Rxf3 38. Re6+ Rf6 39. Qxc8 Qf4+ 40. Kh1 Qf1+
41. Kh2 Qf4+ 42. Kh1 Qf1+ 43. Kh2 Qf4+ 1/2-1/2

[Event "61st World Juniors 2024"]
[Site "Gandhinagar IND"]
[Date "2024.06.13"]
[Round "11.38"]
[White "Yohan Yadav Tarala"]
[Black "Nainys, Zanas"]
[Result "1-0"]
[WhiteElo "1810"]
[BlackElo "2153"]
[WhiteFideId "33385300"]
[BlackFideId "12844098"]
[EventDate "2024.06.02"]

1. e4 c5 2. Nc3 Nc6 3. Bb5 Nd4 4. Nf3 e6 5. O-O a6 6. Bd3 Nc6 7. b3 Qc7 8. Bb2
Nf6 9. Re1 Bd6 10. Nd5 Nxd5 11. exd5 Nb4 12. Be4 Kf8 13. a3 Nxd5 14. Bxd5 exd5
15. Ng5 h5 16. Qf3 Bxh2+ 17. Kh1 d6 18. Kxh2 d4 19. Re6 Rh6 20. Rxh6 gxh6 21.
Qf6 hxg5 22. Re1 1-0

[Event "61st World Juniors 2024"]
[Site "Gandhinagar IND"]
[Date "2024.06.13"]
[Round "11.39"]
[White "Gaikwad Manas"]
[Black "Jval Saurin Patel"]
[Result "0-1"]
[WhiteElo "1957"]
[BlackElo "2085"]
[WhiteFideId "25912410"]
[BlackFideId "25968343"]
[EventDate "2024.06.02"]

1. e4 e6 2. d4 d5 3. e5 c5 4. c3 Nc6 5. Nf3 Qb6 6. a3 Nh6 7. b4 cxd4 8. cxd4 Nf5
9. Be3 Nxe3 10. fxe3 Be7 11. Bd3 Bd7 12. Nbd2 Rc8 13. O-O O-O 14. Nb3 Nb8 15.
Qe2 Qd8 16. Rac1 b6 17. Rxc8 Qxc8 18. Rc1 Qb7 19. Qc2 Rc8 20. Bxh7+ Kh8 21. Qb1
Rxc1+ 22. Nxc1 Qa6 23. Bd3 Qxa3 24. b5 a6 25. Kf2 axb5 26. Bxb5 Qa5 27. Bd3 Nc6
28. Qb3 Nb4 29. Be2 Qa1 30. Qd1 Ba4 31. Qf1 Bc2 32. h4 Kg8 33. Ng5 Bg6 34. Qd1
Qc3 35. Qe1 Qb2 36. Qd1 b5 37. Kf3 Nc2 38. Nd3 Qc3 39. Kf2 b4 40. Nh3 b3 41.
Nhf4 Be4 42. Qb1 Ba3 43. h5 b2 44. g3 Qd2 45. Kf1 Nxe3+ 46. Kf2 Nd1+ 0-1

[Event "61st World Juniors 2024"]
[Site "Gandhinagar IND"]
[Date "2024.06.13"]
[Round "11.40"]
[White "Safarov, Deniel"]
[Black "Mrinmoy Rajkhowa"]
[Result "1-0"]
[WhiteElo "2059"]
[BlackElo "1942"]
[WhiteFideId "13619802"]
[BlackFideId "25603426"]
[EventDate "2024.06.02"]

1. e4 c5 2. Nf3 d6 3. d4 cxd4 4. Nxd4 Nf6 5. Nc3 a6 6. Be2 e5 7. Nb3 Be7 8. O-O
O-O 9. Qd3 b5 10. a4 b4 11. Nd5 a5 12. Nxf6+ Bxf6 13. Qd5 Ra7 14. Be3 Be6 15.
Qd2 Ra8 16. Rad1 Qc7 17. f4 Rd8 18. f5 Bc8 19. g4 Bb7 20. g5 Be7 21. f6 Bf8 22.
Nc5 Bc6 23. fxg7 Bxg7 24. Bc4 Be8 25. Bd5 Nc6 26. g6 hxg6 27. Ne6 fxe6 28. Bxe6+
Kh7 29. Rf3 Bh6 30. Rh3 Nd4 31. Rxh6+ Kg7 32. Bxd4 exd4 33. Rh3 Qc5 34. Rf1 g5
35. Rf5 Bg6 36. Rxc5 dxc5 37. Qxg5 1-0

[Event "61st World Juniors 2024"]
[Site "Gandhinagar IND"]
[Date "2024.06.13"]
[Round "11.41"]
[White "Gubatayev, Ahmet"]
[Black "Arul Prakash N"]
[Result "1/2-1/2"]
[WhiteElo "2055"]
[BlackElo "1907"]
[WhiteFideId "14004526"]
[BlackFideId "45061114"]
[EventDate "2024.06.02"]

1. d4 Nf6 2. c4 e6 3. Nf3 c5 4. d5 exd5 5. cxd5 d6 6. Nc3 g6 7. g3 Bg7 8. Bg2
O-O 9. O-O Nbd7 10. h3 a6 11. a4 Rb8 12. Qd3 Qc7 13. Qc4 Nb6 14. Qa2 Bd7 15. Bg5
Nc8 16. Qc4 h6 17. Bxf6 Bxf6 18. g4 b5 19. axb5 axb5 20. Qf4 Bg7 21. g5 h5 22.
Ne4 Bxb2 23. Nf6+ Kg7 24. Rab1 Be5 25. Nxe5 dxe5 26. Qg3 Nb6 27. f4 Nc4 28. Rbc1
Rfe8 29. Qc3 Re7 30. e4 Kh8 31. f5 Nd6 32. Qf3 Bxf5 33. exf5 Nxf5 34. Qd1 Nd6
35. Ne4 c4 36. Nxd6 Qxd6 37. Kh1 Qc5 38. Qb3 Rd8 39. Qb2 b4 40. Qf2 Qxf2 41.
Rxf2 c3 42. Rf6 e4 43. d6 Re5 44. Rxf7 e3 45. Re7 Rxe7 46. dxe7 Re8 47. Kg1 Rxe7
48. Kf1 Rf7+ 49. Ke1 Rc7 50. Bd5 c2 51. Bb3 Rc3 52. Ba4 b3 53. Bxb3 Rxb3 54.
Rxc2 Rb1+ 55. Ke2 Rh1 56. Kxe3 Rxh3+ 57. Kf4 Rh1 58. Rc8+ Kg7 59. Rc7+ Kg8 60.
Rc8+ Kf7 61. Rc7+ Kf8 62. Rc8+ Ke7 63. Rc7+ Ke6 64. Rc6+ Kf7 65. Rc7+ 1/2-1/2

[Event "61st World Juniors 2024"]
[Site "Gandhinagar IND"]
[Date "2024.06.13"]
[Round "11.42"]
[White "Oluka Robert Mcligeyo"]
[Black "Dishank Sachin Bajaj"]
[Result "0-1"]
[WhiteElo "2050"]
[BlackElo "1893"]
[WhiteFideId "10814647"]
[BlackFideId "25953036"]
[EventDate "2024.06.02"]

1. d4 Nf6 2. c4 e6 3. Nc3 d5 4. Bg5 Be7 5. Nf3 h6 6. Bxf6 Bxf6 7. e3 c6 8. Rc1
Nd7 9. h4 Nb6 10. c5 Nd7 11. e4 Be7 12. Bd3 a5 13. a3 b6 14. b4 axb4 15. axb4
bxc5 16. bxc5 Ba6 17. Bxa6 Rxa6 18. exd5 exd5 19. O-O O-O 20. Re1 Bxh4 21. Qb3
Bf6 22. Qb7 Qc8 23. Rb1 Qxb7 24. Rxb7 Nxc5 25. dxc5 Bxc3 26. Rc1 Bf6 27. Rb6
Rfa8 28. Kf1 Kf8 29. Rcb1 Ke8 30. Ke2 Rxb6 31. Rxb6 Kd7 32. Ne1 Ra2+ 33. Ke3
Bg5+ 34. f4 Ra3+ 0-1

[Event "61st World Juniors 2024"]
[Site "Gandhinagar IND"]
[Date "2024.06.13"]
[Round "11.43"]
[White "Singh, Siddharth"]
[Black "Makwana, Devam"]
[Result "1-0"]
[WhiteElo "2050"]
[BlackElo "1820"]
[WhiteFideId "39907023"]
[BlackFideId "25632566"]
[EventDate "2024.06.02"]

1. e4 e6 2. d4 d5 3. e5 c5 4. c3 Nc6 5. Nf3 Qb6 6. Bd3 cxd4 7. O-O Bd7 8. Re1
Nge7 9. h4 h6 10. h5 Rc8 11. Nbd2 dxc3 12. bxc3 Na5 13. Rb1 Qc7 14. Ba3 Qxc3 15.
Nb3 Nec6 16. Rc1 Qxe1+ 17. Qxe1 Bxa3 18. Rb1 Nc4 19. Qe2 b5 20. Nbd4 Nxd4 21.
Nxd4 a6 22. Qg4 O-O 23. Nf3 Nb2 24. Bf1 Na4 25. Rb3 Be7 26. Nd4 Rc1 27. Rg3 Bg5
28. Nf3 f5 29. exf6 Bxf6 30. Qf4 Bg5 31. Qd6 Rf7 32. Nxg5 hxg5 33. Rxg5 Nc3 34.
h6 Ne4 35. Qe5 Nxg5 36. Qxg5 Rc8 37. Bd3 b4 38. Qg6 Kf8 39. h7 Ke7 40. Qg5+ Kd6
41. Qh4 Rh8 42. Qxb4+ Kc6 43. Qa4+ Kc7 44. Qxa6 g5 45. Qa5+ Kb8 46. Qb4+ Ka8 47.
Qa3+ 1-0

[Event "61st World Juniors 2024"]
[Site "Gandhinagar IND"]
[Date "2024.06.13"]
[Round "11.44"]
[White "Matsumura, Cocoro"]
[Black "Vengatesh, Krishnan C"]
[Result "1-0"]
[WhiteElo "2032"]
[BlackElo "1790"]
[WhiteFideId "36087114"]
[BlackFideId "45050457"]
[EventDate "2024.06.02"]

1. e4 c5 2. Nc3 Nc6 3. Bb5 Nd4 4. Nf3 g6 5. O-O Bg7 6. a4 Nxb5 7. axb5 d6 8. d4
cxd4 9. Nxd4 Nf6 10. f3 O-O 11. Be3 e5 12. Nde2 Be6 13. Qd3 d5 14. exd5 Nxd5 15.
Nxd5 Qxd5 16. Qxd5 Bxd5 17. Nc3 Bc4 18. Rfd1 e4 19. Nxe4 Be2 20. Rd7 Bxb5 21.
Rxb7 a6 22. c3 Rfe8 23. Kf2 Bc6 24. Rb6 Bxe4 25. fxe4 Rxe4 26. Rbxa6 Rae8 27.
Bc1 Be5 28. R6a4 f5 29. Rxe4 fxe4 30. Be3 Rb8 31. Ra2 Bxh2 32. Bd4 Bf4 33. b4 h5
34. Ra7 Bh6 35. Re7 Bf8 36. Rxe4 Bxb4 37. cxb4 Rxb4 38. Kf3 Kf7 39. Re7+ Kxe7
40. Bc5+ Kf6 41. Bxb4 Kf5 42. Be7 Ke6 43. Bd8 Kf5 44. g3 Ke5 45. Bc7+ Kf5 46.
Bf4 Kf6 47. Ke4 g5 48. Be5+ Kg6 49. Bd4 h4 50. gxh4 1-0

[Event "61st World Juniors 2024"]
[Site "Gandhinagar IND"]
[Date "2024.06.13"]
[Round "11.45"]
[White "Apoorv Kamble"]
[Black "Jain, Kushagra"]
[Result "1-0"]
[WhiteTitle "FM"]
[WhiteElo "2369"]
[BlackElo "1996"]
[WhiteFideId "25683012"]
[BlackFideId "66607663"]
[EventDate "2024.06.02"]

1. e4 c5 2. Nf3 d6 3. d4 cxd4 4. Nxd4 Nf6 5. Nc3 a6 6. Be3 Ng4 7. Bc1 Nf6 8. Be3
Ng4 9. Bg5 h6 10. Bh4 g5 11. Bg3 Bg7 12. Be2 Ne5 13. h4 Nbc6 14. Nb3 Be6 15.
hxg5 hxg5 16. Rxh8+ Bxh8 17. Qd2 Bf6 18. Nd5 Bxd5 19. exd5 Nb8 20. Bxe5 Bxe5 21.
Qxg5 Bxb2 22. Rd1 f6 23. Qg4 Be5 24. Rd3 Kf7 25. Qh5+ Kg7 26. Rg3+ 1-0

[Event "61st World Juniors 2024"]
[Site "Gandhinagar IND"]
[Date "2024.06.13"]
[Round "11.46"]
[White "Katta, Sriansh"]
[Black "Pozzari, Simone"]
[Result "0-1"]
[BlackTitle "FM"]
[WhiteElo "1753"]
[BlackElo "2276"]
[WhiteFideId "30981034"]
[BlackFideId "2831282"]
[EventDate "2024.06.02"]

1. e4 e5 2. Nf3 Nc6 3. d4 exd4 4. Nxd4 Qf6 5. Nb3 Bb4+ 6. c3 Bd6 7. N1d2 Nge7 8.
Be2 Ng6 9. g3 Be7 10. O-O d6 11. f4 Bh3 12. Rf2 O-O-O 13. Bb5 Bd7 14. Nf3 a6 15.
Bc4 Be6 16. Be2 Bg4 17. Nbd4 Nxd4 18. cxd4 d5 19. e5 Qb6 20. Qd3 f6 21. f5 fxe5
22. fxg6 e4 23. Qe3 exf3 24. Bxf3 Bxf3 25. Rxf3 Bf6 26. Kg2 hxg6 27. Qd3 Rde8
28. Rb1 Qxd4 29. Qxd4 Bxd4 30. Bf4 Re2+ 31. Kf1 Rhxh2 32. Rd1 Rxb2 33. Rxd4 Rh1# 0-1

[Event "61st World Juniors 2024"]
[Site "Gandhinagar IND"]
[Date "2024.06.13"]
[Round "11.47"]
[White "Ayushh, Ravikumar"]
[Black "Smirnov, Mark"]
[Result "0-1"]
[WhiteTitle "FM"]
[BlackTitle "CM"]
[WhiteElo "1950"]
[BlackElo "2203"]
[WhiteFideId "35039482"]
[BlackFideId "13764594"]
[EventDate "2024.06.02"]

1. d4 Nf6 2. c4 e6 3. Nf3 d5 4. Nc3 Bb4 5. cxd5 exd5 6. Bg5 h6 7. Bxf6 Qxf6 8.
Qa4+ Nc6 9. e3 O-O 10. Rc1 Qg6 11. g3 Qe4 12. Bg2 Nxd4 13. Qd1 Bxc3+ 14. bxc3
Bh3 15. O-O Bxg2 16. Kxg2 Nf5 17. Kg1 c5 18. Nd2 Qe6 19. Re1 Nd6 20. Qb3 f5 21.
Red1 Rf7 22. c4 dxc4 23. Nxc4 Nxc4 24. Rxc4 b6 25. a4 Rff8 26. a5 Rad8 27. Rb1
Rd6 28. h4 Rfd8 29. Qc2 Rd2 30. Qa4 Rxf2 31. Kxf2 Rd2+ 32. Kf3 Qd5+ 33. e4 Qd3+
34. Kf4 Qxb1 35. Qe8+ Kh7 36. h5 Qf1+ 37. Ke5 Qxc4 38. Qg6+ Kh8 39. Qe8+ Qg8 0-1

[Event "61st World Juniors 2024"]
[Site "Gandhinagar IND"]
[Date "2024.06.13"]
[Round "11.48"]
[White "Kartik Kumar Singh"]
[Black "Swarna Nihal"]
[Result "1/2-1/2"]
[WhiteElo "2042"]
[BlackElo "1949"]
[WhiteFideId "46676465"]
[BlackFideId "25683640"]
[EventDate "2024.06.02"]

1. e4 c5 2. Nf3 d6 3. d4 cxd4 4. Nxd4 Nf6 5. Nc3 g6 6. Be3 Nc6 7. f3 h5 8. Bc4
Bg7 9. Qd2 Na5 10. Be2 Bd7 11. b4 Nc6 12. Nxc6 bxc6 13. Rb1 a5 14. b5 cxb5 15.
Nxb5 O-O 16. O-O a4 17. c4 Qa5 18. Qd3 Rfc8 19. Rfc1 Be8 20. Nc3 Bc6 21. Bb6 Qg5
22. Be3 Qa5 23. Bd4 Nd7 24. Bxg7 Kxg7 25. Nb5 Qb6+ 26. c5 Nxc5 27. Qd4+ Kg8 28.
Nxd6 Qd8 29. Qxc5 Qxd6 30. Qxd6 exd6 31. Rd1 Bd7 32. Rxd6 Be6 33. a3 Rc2 34. Kf1
Ra2 35. Rd3 Bc4 36. Re3 Bxe2+ 37. Rxe2 Rxa3 38. Reb2 Rc3 39. Rb8+ Rxb8 40. Rxb8+
Kg7 41. Ra8 a3 42. e5 g5 43. Kf2 Rc2+ 44. Kg3 a2 45. Ra6 Re2 46. h4 gxh4+ 47.
Kxh4 Rxe5 48. Rxa2 Kg6 49. Ra8 f6 50. Rg8+ Kh7 51. Ra8 Kg6 52. Rh8 Ra5 53. f4
Rb5 54. Rd8 Rc5 55. Rd3 Rc4 56. Kg3 Kf5 57. Rd5+ Kg6 58. Ra5 Rc3+ 1/2-1/2

[Event "61st World Juniors 2024"]
[Site "Gandhinagar IND"]
[Date "2024.06.13"]
[Round "11.49"]
[White "Sharon, Rafael"]
[Black "Sharnarthi Shlok"]
[Result "0-1"]
[WhiteElo "2015"]
[BlackElo "1838"]
[WhiteFideId "74601580"]
[BlackFideId "25977776"]
[EventDate "2024.06.02"]

1. e4 d6 2. d4 Nf6 3. Nc3 Nbd7 4. g3 e5 5. Nge2 c6 6. Bg2 Qc7 7. O-O Be7 8. h3
h5 9. Bg5 Nf8 10. Be3 Bd7 11. b4 Qc8 12. Kh2 Ng6 13. f4 h4 14. g4 Bxg4 15. Qd2
Bxe2 16. Nxe2 Qc7 17. dxe5 dxe5 18. f5 Nf8 19. c4 Qd6 20. Qxd6 Bxd6 21. c5 Bc7
22. Nc3 N8d7 23. Bf3 Nh5 24. Bxh5 Rxh5 25. Rg1 Rh7 26. Rad1 Nf6 27. Rd3 Nh5 28.
Rgd1 Rd8 29. Rxd8+ Bxd8 30. b5 Ba5 31. bxc6 bxc6 32. Ne2 Bc7 33. Kg2 g5 34. Kf3
Rg7 35. Rb1 f6 36. Rb7 Bd8 37. Rb8 Rd7 38. Rc8 Rd3 39. Kf2 Nf4 40. Bxf4 exf4 41.
Rxc6 Rxh3 42. Re6+ Kf7 43. Ra6 Rh2+ 44. Kf1 f3 45. Rxa7+ Ke8 46. Nd4 g4 47. Rg7
g3 48. Nxf3 Rf2+ 49. Kg1 Rxf3 50. Rh7 Rc3 51. Rxh4 Rxc5 52. Kg2 Bc7 53. Rh8+ Kd7
54. Rh7+ Kc6 55. Rg7 0-1

[Event "61st World Juniors 2024"]
[Site "Gandhinagar IND"]
[Date "2024.06.13"]
[Round "11.50"]
[White "Arshpreet Singh"]
[Black "Mizzi, Jack"]
[Result "0-1"]
[BlackTitle "CM"]
[WhiteElo "1932"]
[BlackElo "2051"]
[WhiteFideId "25902113"]
[BlackFideId "5602521"]
[EventDate "2024.06.02"]

1. e4 e5 2. Nf3 Nc6 3. Bb5 a6 4. Ba4 d6 5. c3 f5 6. exf5 Bxf5 7. d4 e4 8. Nfd2
d5 9. Nf1 Nf6 10. Bf4 Bd6 11. Bg3 b5 12. Ne3 Be6 13. Bc2 Bxg3 14. hxg3 O-O 15.
Nd2 Qd6 16. Nb3 Rf7 17. Nc5 Raf8 18. Qc1 g6 19. O-O Bc8 20. b4 h5 21. a4 h4 22.
g4 Qf4 23. f3 Qg3 24. Qe1 Qd6 25. g5 Nh5 26. fxe4 h3 27. e5 Nxe5 28. dxe5 Qxe5
29. Nf5 Rxf5 30. Qxe5 Rxe5 31. Rxf8+ Kxf8 32. Bxg6 Ng3 33. axb5 Re2 34. Rf1+
Nxf1 35. Bd3 Rxg2+ 36. Kxf1 Rxg5 37. bxa6 h2 38. a7 h1=Q+ 39. Kf2 Qh4+ 40. Ke3
Re5+ 0-1

[Event "61st World Juniors 2024"]
[Site "Gandhinagar IND"]
[Date "2024.06.13"]
[Round "11.51"]
[White "Radojicic, Aleksandar M"]
[Black "Piyush, Kumar"]
[Result "1/2-1/2"]
[WhiteElo "2088"]
[BlackElo "1795"]
[WhiteFideId "979694"]
[BlackFideId "25674927"]
[EventDate "2024.06.02"]

1. d4 d5 2. c4 c6 3. Nf3 Nf6 4. Qc2 e6 5. g3 Nbd7 6. Bg2 Bd6 7. O-O Ne4 8. Nfd2
f5 9. f3 Nxd2 10. Nxd2 f4 11. gxf4 Bxf4 12. Nb3 O-O 13. Bxf4 Rxf4 14. e3 Rf8 15.
f4 Nf6 16. Nd2 Bd7 17. Nf3 Be8 18. Ne5 Nd7 19. c5 Nxe5 20. fxe5 Bg6 21. Rxf8+
Qxf8 22. Qf2 Qe7 23. Qg3 b6 24. cxb6 axb6 25. a3 Bf5 26. Rf1 Qd7 27. Rc1 Rc8 28.
Qe1 c5 29. Qf1 c4 30. Qe1 Qe7 31. Qf2 Qf7 32. Qf4 Qd7 33. Qh4 b5 34. Qe1 Qe7 35.
Kh1 Rd8 36. Qa5 Rb8 37. Rf1 Bd3 38. Rf2 h6 39. Qa6 b4 40. axb4 Rxb4 41. Qd6 Qxd6
42. exd6 Rb6 43. d7 Rd6 44. Bh3 Bf5 45. Bxf5 exf5 46. Rxf5 Rxd7 47. Kg2 Rd6 48.
Kg3 g6 49. Re5 Kf7 50. h4 Re6 51. Kf4 Rf6+ 52. Kg4 Re6 53. Rxd5 Rxe3 54. h5
gxh5+ 55. Kf5 Ke7 56. Rc5 Kd6 57. Kf4 Rb3 58. Ke4 Rxb2 59. Rxc4 Re2+ 60. Kd3 Re1
61. Rc5 Rh1 62. Ra5 h4 63. Rh5 h3 64. Rxh6+ Kd5 65. Rh5+ Kd6 1/2-1/2

[Event "61st World Juniors 2024"]
[Site "Gandhinagar IND"]
[Date "2024.06.13"]
[Round "11.52"]
[White "Sureka Akshat"]
[Black "Vedant Garg"]
[Result "1/2-1/2"]
[WhiteElo "1972"]
[BlackElo "1811"]
[WhiteFideId "25774492"]
[BlackFideId "33422362"]
[EventDate "2024.06.02"]

1. Nf3 c5 2. b3 Nc6 3. Bb2 d6 4. c4 e5 5. d3 g6 6. g3 Bg7 7. Bg2 Nge7 8. O-O O-O
9. Nc3 h6 10. Nd2 Be6 11. a3 a5 12. Nd5 Rb8 13. Bc3 Qd7 14. Rb1 f5 15. b4 axb4
16. axb4 cxb4 17. Bxb4 b5 18. Ba3 bxc4 19. Nxe7+ Nxe7 20. Nxc4 Rxb1 21. Qxb1
Bxc4 22. dxc4 e4 23. Rd1 Be5 24. Qb3 Qe6 25. f4 exf3 26. Bxf3 Kg7 27. Qb6 Qxc4
28. Rxd6 Rf6 29. Bb2 Bxd6 30. Bxf6+ Kxf6 31. Qxd6+ Qe6 1/2-1/2